Pokémon - Last Two Letters Are The First Two Letters Of The Next 5 - Statistics

General Stats
  • This quiz has been taken 35 times
  • The average score is 15 of 18
Answer Stats
Gen Type 1 Type 2 Answer % Correct
V Electric Flying Emolga
93%
V Psychic Flying Sigilyph
93%
V Poison - Garbodor
89%
V Ice Dragon Kyurem
89%
II Bug Flying Ledyba
89%
VII Bug Fighting Pheromosa
89%
VII Ground Ghost Sandygast
89%
VIII Bug Psychic Orbeetle
85%
IV Poison Dark Stunky
85%
V Fire - Darumaka
81%
V Psychic - Elgyem
81%
V Fire Fighting Emboar
81%
VIII Dragon Poison Eternatus
81%
III Ghost - Shuppet
81%
VIII Water Ice Arctovish
78%
VIII Water - Barraskewda
78%
VII Grass Steel Kartana
78%
VII Poison Dragon Naganadel
78%
No matching quizzes found
Score Distribution
Percent of People with Each Score
Percentile by Number Answered
Your Score History
You have not taken this quiz